000 01107cam a2200277 4500
008 040528n2004 000 0 eng u
020 _a0860176223
035 _a(Sirsi) u126311
041 _aeng
050 _a333.73
_c18
100 _aRudland, D.
245 _aSelection of remedial treatments for contaminated land
_ba guide to good practice
260 _aLondon
_bCIRIA
_c2004
300 _a50p.
_c30cm.
350 _a50
490 _aCIRIA Publication
_vC622
520 _aThis guide presents best practice methodology for the selection of remedial treatments for contaminated land. Explains the various stages by which remedial techniques are identified, screened and selected, highlighting the key stages and providing pointers towards best practice. Includes a table of available remedial techniques, a case study, further reading and references.
650 _aCONTAMINATED LAND
650 _aREMEDIATION
650 _aREMEDIAL METHODS
650 _aLAND CONTAMINATION
650 _aRISK ASSESSMENT
690 _aENVIRONMENT-CONTAMINATION
700 _aJackson, S.
942 _n0
999 _c103603
_d103603